Scrambled - 196 Capitals - Statistics

General Stats
  • This quiz has been taken 120 times
  • The average score is 92 of 196
Answer Stats
Hint Answer % Correct
lema Male
83%
odlonn London
80%
iroca Cairo
78%
ouels Seoul
78%
jioubtid Djibouti
76%
xemluourbg Luxembourg
76%
unist Tunis
76%
csaarca Caracas
73%
ujba Juba
73%
ipaa Apia
71%
elbrgade Belgrade
71%
llid Dili
71%
oiahn Hanoi
71%
namauga Managua
71%
dishmogua Mogadishu
71%
aabtr Rabat
71%
kbnagok Bangkok
68%
alpiikr Palikir
68%
gdoporcia Podgorica
68%
stinapri Pristina
68%
nerb Bern
66%
hoda Doha
66%
vanaah Havana
66%
imal Lima
66%
nilmaa Manila
66%
ttawoa Ottawa
66%
yotko Tokyo
66%
maakob Bamako
63%
ermo Rome
63%
smaaar Asmara
61%
anatsa Astana
61%
jluban Banjul
61%
ertbiu Beirut
61%
valaistarb Bratislava
61%
esbtudap Budapest
61%
euaejrslm Jerusalem
61%
sinkm Minsk
61%
scomow Moscow
61%
loos Oslo
61%
ahabagdd Baghdad
59%
ubak Baku
59%
apectwno Cape Town
59%
ilngolwe Lilongwe
59%
isonlb Lisbon
59%
jamuro Majuro
59%
aaanmm Manama
59%
ssauna Nassau
59%
gira Riga
59%
vsau Suva
59%
tyciativacn Vatican City
59%
acrca Accra
56%
shgaabat Ashgabat
56%
azzrballive Brazzaville
56%
kadar Dakar
56%
iekv Kiev
56%
liagik Kigali
56%
priaa Praia
56%
anslvasdaro San Salvador
56%
jkopse Skopje
56%
guictelpaga Tegucigalpa
56%
livnius Vilnius
56%
aranka Ankara
54%
reinlb Berlin
54%
sslurbes Brussels
54%
hadak Dhaka
54%
moel Lome
54%
ytcixeciom Mexico City
54%
uscamt Muscat
54%
cinosai Nicosia
54%
ppmnnoheh Phnom Penh
54%
uoiqt Quito
54%
llinnta Tallinn
54%
bsiliit Tbilisi
54%
uzvad Vaduz
54%
tlavetal Valletta
54%
sawwar Warsaw
54%
ayuodne Yaounde
54%
gzareb Zagreb
54%
ffuunati Funafuti
51%
garooneb Gaborone
51%
rareha Harare
51%
ingsktwon Kingstown
51%
topuma Maputo
51%
ougaaduooug Ouagadougou
51%
risap Paris
51%
iahryd Riyadh
51%
fiaso Sofia
51%
namam Amman
49%
ssiaub Bissau
49%
oodmda Dodoma
49%
eerfotwn Freetown
49%
tegiga Gitega
49%
illvebreli Libreville
49%
rddami Madrid
49%
oonacm Monaco
49%
aiboinr Nairobi
49%
aipeit Taipei
49%
knetasht Tashkent
49%
einnav Vienna
49%
reyan Yaren
49%
ekkbhis Bishkek
46%
gotbao Bogota
46%
opnecgehan Copenhagen
46%
aacsdmsu Damascus
46%
mapalak Kampala
46%
aalobm Malabo
46%
ronimo Moroni
46%
onovootrp Porto Novo
46%
rguaep Prague
46%
voejraas Sarajevo
46%
ajuab Abuja
44%
uignab Bangui
44%
rdgbiewton Bridgetown
44%
cnkyoar Conakry
44%
siknheli Helsinki
44%
kajrata Jakarta
44%
ivdmoontee Montevideo
44%
yynapiawd Naypyidaw
44%
ukunfaloa Nuku'alofa
44%
uaoser Roseau
44%
hlokcmsot Stockholm
44%
hoekindw Windhoek
44%
ssoukroyamou Yamoussoukro
44%
ereavny Yerevan
44%
snhtea Athens
41%
ejibign Beijing
41%
bdulni Dublin
41%
baklu Kabul
41%
hkratuom Khartoum
41%
gstkinon Kingston
41%
uatiwkctiy Kuwait City
41%
zalpa La Paz
41%
jjlbluanal Ljubljana
41%
uskala Lusaka
41%
erusma Maseru
41%
ttchonouak Nouakchott
41%
anulda Luanda
39%
bbmanae Mbabane
39%
reguuldmn Ngerulmud
39%
osreybmortp Port Moresby
39%
ranait Tirana
39%
loiprti Tripoli
39%
inaienetv Vientiane
39%
lielwngotn Wellington
39%
ataaarvionnn Antananarivo
37%
ssbaerreet Basseterre
37%
siilaarb Brasilia
37%
iaraonh Honiara
37%
onviamor Monrovia
37%
amanpaityc Panama City
37%
puhtimh Thimphu
37%
geirsla Algiers
34%
stammdaer Amsterdam
34%
lebompna Belmopan
34%
chasetbur Bucharest
34%
strcasei Castries
34%
uaemgtlmaaityc Guatemala City
34%
dnuamtkah Kathmandu
34%
abbaaiddsa Addis Ababa
32%
rrebanac Canberra
32%
isiuachn Chisinau
32%
njmnaeand Ndjamena
32%
aramraiobp Paramaribo
32%
uatorpcenirp Port au Prince
32%
yygnanpgo Pyongyang
32%
igoasant Santiago
32%
hrtean Tehran
32%
abdisaalm Islamabad
29%
iaemyn Niamey
29%
gnsiapero Singapore
29%
aanaatrabul Ulaanbaatar
29%
ilvprtao Port Vila
27%
iavcitor Victoria
27%
hdbiauba Abu Dhabi
24%
rraoalnadellva Andorra la Vella
24%
aandrbbgeaawnrsei Bandar Seri Begawan
24%
ebnahsub Dushanbe
22%
reoegwont Georgetown
22%
shaasnik Kinshasa
22%
ousilorpt Port Louis
22%
oasomet Sao Tome
22%
(Shortened) kttoeirs Sri Kotte
22%
ashnwigotncd Washington DC
22%
rtopfopsani Port of Spain
20%
uonsiresab Buenos Aires
17%
helidenw New Delhi
17%
kjkviryea Reykjavik
17%
instahonj Saint John
17%
osjenas San Jose
17%
nuscinoa Asuncion
15%
aansa Sanaa
15%
arnoimasn San Marino
15%
mgnodiotanso Santo Domingo
15%
sthouwartaa South Tarawa
15%
egrogsetina Saint George
12%
umlapruaulk Kuala Lumpur
7%
No matching quizzes found
Score Distribution
Percent of People with Each Score
Percentile by Number Answered
Your Score History
You have not taken this quiz